000 02283cam a2200433 i 4500
001 20352234
003 OSt
005 20231007154216.0
008 170704s2017 enkab b 000 0 eng
010 _a 2017491811
020 _a 9781405934138
020 _a9780718188726 (hbk.)
020 _a0718188721 (hbk.)
020 _a9780718188740
_q(pbk.)
020 _a0718188748
_q(pbk.)
040 _aDLC
_beng
_erda
_cDLC
042 _apcc
043 _ae-gr---
050 0 0 _aBL783
_b.F79 2017
082 _a398.20938
_bFRY/M
100 1 _aFry, Stephen,
_d1957-
_eauthor.
_99706
245 1 0 _aMythos :
_cStephen Fry.
_bthe Greek myths retold /
264 1 _a[London, England] :
_bMichael Joseph, an imprint of Penguin Books,
_c2017.
300 _a 441 pages :
_bcolor illustrations, maps (some color) ;
_c24 cm
336 _atext
_btxt
_2rdacontent
337 _aunmediated
_bn
_2rdamedia
338 _avolume
_bnc
_2rdacarrier
504 _aIncludes bibliographical references (pages 406-409).
520 _aThe Greek myths are the greatest stories ever told, passed down through millennia and inspiring writers and artists as varied as Shakespeare, Michelangelo, James Joyce and Walt Disney. They are embedded deeply in the traditions, tales and cultural DNA of the West. In Stephen Fry's hands the stories of the titans and gods become a brilliantly entertaining account of ribaldry and revelry, warfare and worship, debauchery, love affairs and life lessons, slayings and suicides, triumphs and tragedies. You'll fall in love with Zeus, marvel at the birth of Athena, wince at Cronus and Gaia's revenge on Ouranos, weep with King Midas and hunt with the beautiful and ferocious Artemis. Thoroughly spellbinding, informative and moving, Stephen Fry's Mythos perfectly captures these stories for the modern age - in all their rich and deeply human relevance.
650 0 _aMythology, Greek.
650 0 _aMythology, Classical.
650 0 _aGods and goddesses.
650 0 _aLegends
_zGreece.
650 0 _aMythology.
906 _a7
_bcbc
_corigres
_d3
_encip
_f20
_gy-gencatlg
942 _2ddc
_cBK
_h398.20938
_iFRY/M
_k398.20938
_mFRY/M
999 _c42590
_d42590